000 00612nam a2200193 a 4500
001 000040545
005 20201002034214.0
008 130830s2003 sp r 000 0 spa d
020 _a9788477381440
040 _aDO-SdBNP
_bspa
_cBNPHU
082 _axxxx
_bxxxx
100 1 _aMalamud, Carlos
_966867
245 1 0 _aAmérica Latina, siglo XX :
_bla búsqueda de la democracia /
_cCarlos Malamud.
260 _aMadrid :
_bSíntesis,
_c2003.
300 _a170 p. ;
_c22 cm.
500 _aLa biblioteca posee la cuarta reimpresión del 2003
504 _aBibliografía : p. 169-170
590 _aInventariado, 2019/BT
999 _c40035
_d40035